Soviet ground forces : (Record no. 5321)
[ view plain ]
| 000 -LEADER | |
|---|---|
| fixed length control field | 01007cam a2200313 a 4500 |
| 001 - CONTROL NUMBER | |
| JCCL Control Number | 5321 |
| 003 - CONTROL NUMBER IDENTIFIER | |
| JCCL marc code | BD-JhCC |
| 005 - DATE AND TIME OF LATEST TRANSACTION | |
| control field | 20171212173536.0 |
| 008 - FIXED-LENGTH DATA ELEMENTS--GENERAL INFORMATION | |
| fixed length control field | 860304s1986 coua b 001 0 eng |
| 020 ## - INTERNATIONAL STANDARD BOOK NUMBER | |
| International Standard Book Number | 0891587969 (alk. paper) : |
| Terms of availability | $26.00 |
| 020 ## - INTERNATIONAL STANDARD BOOK NUMBER | |
| International Standard Book Number | 0709909721 (U.K. : jacket) |
| 035 ## - SYSTEM CONTROL NUMBER | |
| system control number | (BD-JhCC)5321 |
| 040 ## - CATALOGING SOURCE | |
| Original cataloging agency | DLC |
| Transcribing agency | DLC |
| Modifying agency | DLC |
| 041 ## - LANGUAGE CODE | |
| Language code of Book | eng |
| 050 00 - LIBRARY OF CONGRESS CALL NUMBER | |
| Classification number | UA772 |
| Item number | .E69 1986 |
| 082 00 - DEWEY DECIMAL CLASSIFICATION NUMBER | |
| Classification number | 355/.00947 |
| DDC Edition number | 19 |
| Author mark and Year | SOV 1986 |
| 100 1# - MAIN ENTRY--PERSONAL NAME | |
| Personal name | Erickson, John, |
| Dates associated with a name | 1929- |
| 245 10 - TITLE STATEMENT | |
| Title | Soviet ground forces : |
| Remainder of title | an operational assessment / |
| Statement of responsibility, etc | John Erickson, Lynn Hansen, and William Schneider. |
| 260 ## - PUBLICATION, DISTRIBUTION, ETC. (IMPRINT) | |
| Place of publication, distribution, etc | Boulder, Colo. : |
| Name of publisher, distributor, etc | Westview Press ; |
| Place of publication, distribution, etc | London : |
| Name of publisher, distributor, etc | Croom Helm, |
| Date of publication, distribution, etc | 1986. |
| 300 ## - PHYSICAL DESCRIPTION | |
| Pagination | xix, 267 p. : |
| Other physical details | ill. ; |
| Dimensions | 24 cm. |
| 500 ## - GENERAL NOTE | |
| General note | Includes index. |
| 504 ## - BIBLIOGRAPHY, ETC. NOTE | |
| Bibliography, etc | Bibliography: p. 249-257. |
| 610 10 - SUBJECT ADDED ENTRY--CORPORATE NAME | |
| Corporate name or jurisdiction name as entry element | Soviet Union. |
| Subordinate unit | Sukhoputnye voĭska. |
| 610 10 - SUBJECT ADDED ENTRY--CORPORATE NAME | |
| Corporate name or jurisdiction name as entry element | Soviet Union. |
| Subordinate unit | Voenno-vozdushnye sily. |
| 700 1# - ADDED ENTRY--PERSONAL NAME | |
| Personal name | Hansen, Lynn M. |
| 700 1# - ADDED ENTRY--PERSONAL NAME | |
| Personal name | Schneider, William, |
| Dates associated with a name | 1941- |
| 942 ## - ADDED ENTRY ELEMENTS (KOHA) | |
| Source of classification or shelving scheme | Dewey Decimal Classification |
| Koha item type | Books |
| Source of classification or shelving scheme | Damaged status | Not for loan | Home library | Current library | Shelving location | Total Checkouts | Full call number | Barcode | Date last seen | Copy number | Koha item type |
|---|---|---|---|---|---|---|---|---|---|---|---|
| Dewey Decimal Classification | JCC Rouf Library | JCC Rouf Library | General Stacks | 355/.00947 SOV 1986 | 7191 | 12/12/2017 | C - 1 | Books |